Zapomniani Polacy #1 - Statystyki

Ogólne statystyki
  • Ten quiz został rozwiązany 4 razy
  • Średni wynik to 3 z 10
Statystyki odpowiedzi
Opis Nazwisko % Poprawnych
Okulista, twórca esperanto, najbardziej rozpowszechnionego na świecie międzynarodowego języka pomocniczego. Ludwik Zamenhof
100%
Inżynier drogowy i kolejowy, bohater obrony Callao w 1866, budowniczy kolei w Peru oraz Ekwadorze, projektant i budowniczy Centralnej Kolei Transandyjskiej. Ernest Malinowski
75%
Dziennikarz i podróżnik, odkrywca źródła Amazonki. Pracował również jako inspektor kopalni diamentów w Sierra Leone i kopalni złota w Ghanie. Jacek Pałkiewicz
25%
Wybitny pianista, kompozytor, pedagog i wynalazca. Przypisuje się mu m.in. wynalezienie: wycieraczek do szyb samochodowych, podwyższanego stołka do fortepianu, pneumatycznych amortyzatorów samochodowych, zegara elektrycznego, maszynki elektrycznej do gotowania, spinacza biurowego oraz szeregu rozwiązań konstrukcyjnych w fortepianach, balonach i samolotach. Józef Hofmann
25%
Konstruktor aparatów kinematograficznych, pionier kinematografii. Skonstruował aeroskop, czyli pierwszą ręczną, automatyczną kamerę filmową ze stabilizacją obrazu, wykorzystywaną przez Brytyjczyków podczas I wojny światowej do rejestrowania kronik. Kazimierz Prószyński
25%
Inżynier elektronik i informatyk, "polski Bill Gates", projektant minikomputera K-202, który pracował z szybkością miliona operacji na sekundę (szybciej niż komputery osobiste 10 lat później). Jacek Karpiński
0%
Ekonomista i finansista, językoznawca, inżynier. Autor wynalazków z dziedziny kolejnictwa, łączności, rachunkowości oraz maszyn liczących, w tym m.in. semafora, gazomierza, ręcznego kasownika oraz maszyny do druku i kontroli biletów. Jan Józef Baranowski
0%
Orientalista, jezuita, misjonarz w Chinach, przyrodnik, kartograf, jeden z pierwszych europejskich sinologów, propagator chińskiej medycyny w Europie oraz poseł cesarza Yongli. Urodzony w 1612/14 we Lwowie. Michał Boym
0%
Wynalazca pierwszej na świecie skutecznej szczepionki przeciw tyfusowi plamistemu. Rudolf Weigl
0%
Pierwszy polski naukowiec (urodzony ok. 1230 r.), znany z prac nad optyką i psychologią spostrzegania, wskazywał m.in. że złudzenia wzrokowe są wynikiem warunków obserwacji oraz wyobrażeń i sposobu myślenia. Z jego pracami zapoznawali się da Vinci, Kopernik czy Kepler Witelon
0%
Nie znaleziono quizów pasujących do podanych kryteriów
Rozkład punktacji
Procent ludzi z każdym wynikiem
Percentyl według liczby udzielonych odpowiedzi
Twoja historia wyników
Nie rozwiązałeś tego quizu